| 000 | 04105nam a22005537a 4500 | ||
|---|---|---|---|
| 003 | dpl | ||
| 005 | 2008060301361.0 | ||
| 008 | 080603t xxu||||| |||| 00| 0 eng d | ||
| 010 | _aB-264652-677 | ||
| 020 |
_a1841352268 _c70.00 |
||
| 035 | _aB-264652-677 | ||
| 037 |
_a4439 _bBlue Berry (Vender) |
||
| 040 |
_aDPL _bEnglish |
||
| 082 | _aS | ||
| 100 |
_aBlyton, Enid _98 |
||
| 245 |
_aThe adventures of Binkle and Flip / _cby Enid Blyton; illustrated by Alan Fredman |
||
| 260 |
_aNottubggansgure _bAward Publications _c2004 |
||
| 270 |
_aThe Old Riding School, The WElbeck Estate, Worksop, _bNottubggansgure |
||
| 300 |
_a137.: _bill. _c20 cm (pbk) |
||
| 490 | _aEnid Blyton Happy days series | ||
| 700 |
_aDell, Stephen _99 |
||
| 942 |
_2ddc _cCH _hS _mBLY |
||
| 999 |
_c13187 _d13187 |
||